Загрузка...
Introducing research methodology : a beginner's guide to doing a research project /
'Introducing Research Methodology' gives readers the fundamental data collection and analysis skills that they need for their first project, as well as a good understanding of the research process as a whole.
| Главный автор: | |
|---|---|
| Формат: | Printed Book |
| Язык: | English |
| Опубликовано: |
Thousand Oaks, Calif. :
Sage Publications,
c2011.
|
| Предметы: | |
| Online-ссылка: | VIEW FULLTEXT |
| LEADER | 02408cam a22003494a 4500 | ||
|---|---|---|---|
| 008 | 151202b xxu||||| |||| 00| 0 eng | ||
| 999 | |c 149977 |d 149977 | ||
| 010 | |a 2010936663 | ||
| 020 | |a 9781849207812 | ||
| 020 | |a 184920781X | ||
| 020 | |a 1849207801 | ||
| 020 | |a 9781849207805 | ||
| 035 | |a (OCoLC)ocn681498362 | ||
| 042 | |a lccopycat | ||
| 082 | 0 | 4 | |a 001.42 |2 22 |
| 100 | 1 | |a Flick, Uwe, | |
| 245 | 1 | 0 | |a Introducing research methodology : |b a beginner's guide to doing a research project / |c Uwe Flick. |
| 260 | |a Thousand Oaks, Calif. : |b Sage Publications, |c c2011. | ||
| 300 | |a xx, 271 p. : |b ill. ; |c 23 cm. | ||
| 504 | |a Includes bibliographical references (p. [256]-263) and index. | ||
| 505 | 0 | |a PART ONE: ORIENTATION -- Why Social Research? -- From Research Idea to Research Question -- Reading and Reviewing the Literature -- PART TWO: PLANNING AND DESIGN -- Planning Social Research: Steps of the Research Process -- Designing Social Research -- Deciding Your Methods -- PART THREE: WORKING WITH DATA -- Gathering Data: Quantitative and Qualitative Approaches -- Analyzing Quantitative and Qualitative Data -- E-Research: Doing Social Research Online -- Integrated Social Research: Combination of Different Approaches -- PART FOUR: REFLECTION AND WRITING -- What Is Good Research? Evaluating Your Research Project -- Ethical Issues in Social Research -- Writing Research and Using Results | |
| 520 | 8 | |a 'Introducing Research Methodology' gives readers the fundamental data collection and analysis skills that they need for their first project, as well as a good understanding of the research process as a whole. | |
| 650 | 0 | |a Social sciences | |
| 650 | 0 | |a Research | |
| 856 | |3 VIEW FULLTEXT |u https://books.google.co.in/books?id=-EeXiLAi4TgC&printsec=frontcover&dq=9788132110330&hl=en&sa=X&ved=0ahUKEwi_xNTVt6bgAhUTEnIKHXRqBn8Q6AEIMTAB#v=onepage&q&f=false | ||
| 942 | |2 ddc |c BK | ||
| 240 | 1 | 0 | |a Sozialforschung. |l English |
| 534 | |p Originally published in German: Reinbek bei Hamburg : Rowohlt Verlag, c2009, |n under title: |t Sozialforschung : Methoden und Anwendungen. | ||
| 906 | |a 7 |b cbc |c copycat |d 2 |e ncip |f 20 |g y-gencatlg | ||
| 955 | |b xj87 2012-01-24 z-processor |i xj06 2012-04-05 to BCCD (Telework) | ||
| 955 | |a pc17 2010-09-08 | ||
| 952 | |0 0 |1 0 |2 ddc |4 0 |6 302_230720000000000_FLI_I |7 0 |9 160282 |a MCJ |b MCJ |c ST1 |d 2013-08-03 |i 2675 |l 5 |m 3 |o 302.23072 FLI/I |p MCJ2675 |r 2021-10-04 |s 2021-03-22 |y BK | ||